00431nam a2200193Ia 4500003000900000008004100009040001300050040001300063041000800076100002200084245003900106250001100145260000800156260000900164300001100173300001000184490003700194490000600231IT-RoPAU120407s9999 xx 000 0 und d aIT-RoPAU cIT-RoPAU aita aStanislao Lokuang aLa storia delle religioni in Cina. aTorino aSei c1952 a180 p. c22 cm aStoria e scienza delle religioni v1